| 000 | 01437nam a2200337Ia 4500 | ||
|---|---|---|---|
| 001 | ebr10228285 | ||
| 003 | CaPaEBR | ||
| 006 | m u | ||
| 007 | cr cn||||||||| | ||
| 008 | 080124s2008 enka sb 001 0 eng d | ||
| 010 | _z 2008002527 | ||
| 020 | _z9780754673590 | ||
| 020 | _z9780754691679 | ||
| 040 |
_aCaPaEBR _cCaPaEBR |
||
| 035 | _a(OCoLC)646744526 | ||
| 050 | 1 | 4 |
_aKJE3795 _b.S43 2008eb |
| 082 | 0 | 4 |
_a345.24/052 _222 |
| 245 | 0 | 0 |
_aSecurity versus justice? _h[electronic resource] : _bpolice and judicial cooperation in the European Union / _c[edited by] Elspeth Guild and Florian Geyer. |
| 260 |
_aAldershot, England ; _aBurlington, VT : _bAshgate, _cc2008. |
||
| 300 |
_axvi, 336 p. : _bill. |
||
| 504 | _aIncludes bibliographical references (p. [309]-330) and index. | ||
| 533 |
_aElectronic reproduction. _bPalo Alto, Calif. : _cebrary, _d2009. _nAvailable via World Wide Web. _nAccess may be limited to ebrary affiliated libraries. |
||
| 650 | 0 |
_aJudicial assistance _zEuropean Union countries. |
|
| 650 | 0 |
_aCriminal justice, Administration of _zEuropean Union countries. |
|
| 650 | 0 |
_aLaw enforcement _zEurope _xInternational cooperation. |
|
| 655 | 7 |
_aElectronic books. _2local |
|
| 700 | 1 | _aGuild, Elspeth. | |
| 700 | 1 | _aGeyer, Florian. | |
| 710 | 2 | _aebrary, Inc. | |
| 856 | 4 | 0 |
_uhttp://site.ebrary.com/lib/rucke/Doc?id=10228285 _zAn electronic book accessible through the World Wide Web; click to view |
| 999 |
_c152770 _d152770 |
||